000 00819nam a22001817a 4500
003 UA-OsUOA
001 19761
007 ta
008 20040921b un ||||| |||| 00| 0 ukr d
100 _aРачок П.
942 _cSA
040 _aUA-OsUOA
_cUA-OsUOA
_dUA-OsUOA
245 _aЗа досвідом - у наш район
_b[В рамках Всеукр. семінару дир. обл. центрів соц. служб для молоді пройшла презентація укр.-канад. проекту "Молодь за здоров'я-2" , що реалізується в Березнів. р-ні]
300 _aС.1
955 _a0
773 0 _w0
_tНадслучанський вісник
_dБерезне
_d2004
_gN77/15 верес./
650 7 _aКраєзнавча робота
_2UDC
999 _c305934
_d305934